[Event "JUG-chT"]
[Site "Cetinje"]
[Date "1993.??.??"]
[Round "?"]
[White "Savicevic, Vlatko"]
[Black "Miladinovic, Igor"]
[Result "0-1"]
[WhiteElo "2295"]
[BlackElo "2450"]

1.e4 c5 2.Nf3 e6 3.d4 cxd4 4.Nxd4 a6 5.Nc3 Qc7 6.g3 Bb4 7.Bd2 Nc6 8.Nxc6 dxc6
9.Qg4 Bf8 10.f4 Nf6 11.Qf3 e5 12.f5 b5 13.g4 Bb7 14.g5 Nd7 15.Nd1 O-O-O 16.Ne3 f6
17.h4 Nc5 18.Bg2 Rd4 19.Qg4 Na4 20.b3 Rxd2 21.Kxd2 Qd7+ 22.Ke1 Qd4 23.Kf2 Bc5
24.Qe2 Nc3 25.Qd3 Rd8 26.Rhe1 Qb4 27.a3 Qa5 28.b4 Rxd3 29.bxa5 Rd2+ 30.Kf3 Bd4
31.gxf6 gxf6 32.Ng4 Kd8 33.Nxf6 c5 34.Kg3 h6 35.Kh3 Ne2 36.Rxe2 Rxe2 37.Rd1  0-1

[Event "JUG-chT"]
[Site "Cetinje"]
[Date "1993.??.??"]
[Round "?"]
[White "Jevtic, Miodrag"]
[Black "Strikovic, Aleksa"]
[Result "0-1"]
[WhiteElo "2395"]
[BlackElo "2465"]

1.e4 c5 2.Nf3 e6 3.d4 cxd4 4.Nxd4 a6 5.Nc3 b5 6.Bd3 Bb7 7.O-O Qc7 8.Qe2 Nc6
9.Nxc6 Qxc6 10.a3 Nf6 11.f3 Bd6 12.Kh1 Be5 13.Bd2 O-O 14.Rae1 d6 15.Nd1 Nd7
16.c3 Nc5 17.Nf2 Nxd3 18.Nxd3 Bf6 19.Rd1 Qc4 20.Bf4 e5 21.Bg3 Rfe8 22.Rfe1 a5
23.Nc1 Rad8 24.Qxc4 bxc4 25.Bf2 d5 26.Bb6 Rd6 27.Bxa5 d4 28.b3 d3 29.Rf1 d2
30.Ne2 cxb3 31.c4 Bg5 32.Nc3 Rd3 33.Nd5 Bxd5 34.cxd5 Rc8 35.f4 Bxf4 36.g3 Bh6
37.Rf2 b2  0-1

[Event "CZE-ch"]
[Site "?"]
[Date "1993.??.??"]
[Round "1"]
[White "Fuksik, Jakub"]
[Black "Langner, Ladislav"]
[Result "0-1"]
[WhiteElo "2210"]
[BlackElo "2345"]

1.e4 c5 2.Nf3 e6 3.d4 cxd4 4.Nxd4 a6 5.Nc3 Qc7 6.Bd3 b5 7.O-O Bb7 8.Be3 Nf6
9.a3 d6 10.f4 Nbd7 11.Nb3 Be7 12.Kh1 O-O 13.Qe1 e5 14.fxe5 dxe5 15.Qg3 Kh8
16.Rf5 g6 17.Bh6 Rg8 18.Rf2 Nh5 19.Qh3 Ndf6 20.Bg5 Bc8 21.Bxf6+ Nxf6 22.Qf3 Bg4
23.Qg3 Be6 24.Raf1 Nh5 25.Qf3 Nf4 26.Ne2 Nxd3 27.Qxd3 Rgd8 28.Qg3 Rac8 29.Nc3 Kg8
30.h3 Rd7 31.Nd5 Bxd5 32.exd5 f6 33.Qg4 Rcd8 34.Rd1 Qb6 35.Rfd2 f5 36.Qg3 Bf6
37.Qc3 Bg5 38.Re2 e4 39.Qc5 Qxc5 40.Nxc5 Rxd5 41.Rxd5 Rxd5 42.Nxa6 Rd1+ 43.Kh2 e3
44.Kg3 Rf1 45.Nb4 Bf4+  0-1

[Event "CZE-ch"]
[Site "?"]
[Date "1993.??.??"]
[Round "9"]
[White "Votava, Jan"]
[Black "Langner, Ladislav"]
[Result "1/2-1/2"]
[WhiteElo "2425"]
[BlackElo "2345"]

1.e4 c5 2.Nf3 e6 3.d4 cxd4 4.Nxd4 a6 5.Nc3 Qc7 6.Bd3 b5 7.O-O Bb7 8.Qe2 d6
9.Kh1 g6 10.Be3 Nf6 11.Rad1 Nbd7  1/2-1/2

[Event "CZE-ch"]
[Site "?"]
[Date "1993.??.??"]
[Round "11"]
[White "Biolek, Richard"]
[Black "Langner, Ladislav"]
[Result "1/2-1/2"]
[WhiteElo "2415"]
[BlackElo "2345"]

1.e4 c5 2.Nf3 e6 3.d4 cxd4 4.Nxd4 a6 5.Nc3 Qc7 6.Be3 Nf6 7.f3 Bb4 8.Qd3 d5
9.Bd2 Nc6 10.exd5 Qe5+ 11.Nde2 exd5 12.Bf4 Qe7 13.O-O-O Be6 14.Nd4 O-O 15.Nce2 Bd6
16.Bxd6 Qxd6 17.Qd2 Rac8 18.Ng3 Qe5 19.Nxc6 bxc6 20.c3 Rb8 21.Bd3 Rb6 22.Rhe1 Qd6
23.Qe2 Rfb8 24.Rd2 Qf4 25.Qe3 Qxe3 26.Rxe3 g6 27.Re1 Nd7 28.b3 a5 29.Bc2 Kg7
30.Ne2 Kf6 31.Nf4 R6b7 32.Rd4 Nb6 33.Nd3 Nd7 34.Ra4 Ra7 35.Kd2 c5 36.Ra3 Bf5
37.Nb2 Be6 38.Bd3 c4 39.Bc2 Ne5 40.Kc1 Nc6 41.bxc4 dxc4 42.Ra4 Ne7 43.Nxc4 Nd5
44.Rxa5 Rxa5 45.Nxa5 Nxc3 46.Nc6 Nxa2+ 47.Kd2 Rb2 48.Rb1 Rxc2+ 49.Kxc2 Bf5+
50.Kb2 Bxb1 51.Kxb1 Nc3+ 52.Kc2  1/2-1/2

[Event "CZE-chT"]
[Site "?"]
[Date "1993.??.??"]
[Round "?"]
[White "Babula, Milan"]
[Black "Beil, Zdenek"]
[Result "1/2-1/2"]
[WhiteElo "2355"]
[BlackElo "2340"]

1.e4 c5 2.Nf3 e6 3.d4 cxd4 4.Nxd4 a6 5.Nc3 Qc7 6.g3 Bb4 7.Ne2 b5 8.Bg2 Bb7
9.O-O Ne7 10.Bf4 e5 11.Be3 d6 12.a4 bxa4 13.Rxa4 Bxc3 14.Nxc3 Nd7 15.Qe2 O-O
16.Rd1 Rad8 17.Qc4 Qb8 18.Qb4 Bc6 19.Qxb8 Nxb8 20.Rb4 h6 21.Rb6 f5 22.exf5 Bxg2
23.Kxg2 Nxf5 24.Nd5  1/2-1/2

[Event "Dhaka"]
[Site "Dhaka"]
[Date "1993.??.??"]
[Round "?"]
[White "Rahman, Zillur"]
[Black "Vaidya, Arun B"]
[Result "1/2-1/2"]
[WhiteElo "2320"]
[BlackElo "2385"]

1.e4 c5 2.Nf3 e6 3.d4 cxd4 4.Nxd4 a6 5.Nc3 Qc7 6.Bd3 Nc6 7.Be3 b5 8.O-O Bb7
9.Qe2 Nf6 10.f4 d6 11.Kh1 Be7 12.a3 O-O 13.Rf3 Nxd4 14.Bxd4 e5 15.Be3 Ng4
16.Rh3 Nxe3 17.Qxe3 Bf6 18.Nd5 Bxd5 19.exd5 g6 20.f5 e4 21.Qxe4 Bxb2 22.Rf1 Qc3
23.Rxh7 Kxh7 24.fxg6+ Kg8 25.gxf7+ Rxf7 26.Rxf7 Kxf7 27.Qe6+ Kg7 28.Qg6+ Kf8
29.Qxd6+ Kf7 30.Qe6+ Kf8 31.Qd6+ Kf7 32.Qd7+  1/2-1/2

[Event "Doha"]
[Site "Doha"]
[Date "1993.??.??"]
[Round "1"]
[White "Vasiukov, Evgeni"]
[Black "Kouatly, Bachar"]
[Result "1-0"]
[WhiteElo "2495"]
[BlackElo "2520"]

1.e4 c5 2.Nf3 e6 3.Nc3 a6 4.d4 cxd4 5.Nxd4 Qc7 6.g3 Nf6 7.Bg2 d6 8.O-O Be7
9.Be3 Nc6 10.Nxc6 bxc6 11.Na4 Rb8 12.c4 c5 13.f4 Nd7 14.b3 Bf6 15.Rc1 Bb7
16.Qf3 Rd8 17.Rfd1 Nb8 18.Qe2 O-O 19.e5 Bxg2 20.Qxg2 Be7 21.exd6 Rxd6 22.Rxd6 Bxd6
23.Rd1 Be7 24.Qa8 h5 25.h3 Rc8 26.Qf3 g6 27.g4 hxg4 28.hxg4 Nd7 29.Kg2 Bf6
30.Rd2 Be7 31.Kf1 Re8 32.Nc3 Nf6 33.Ke2 Bd6 34.Kd1 e5 35.g5 exf4 36.gxf6 fxe3
37.Nd5 Qa5 38.Re2 Be5 39.Qxe3 Qd8 40.Qh6  1-0

[Event "Dortmund op-A"]
[Site "Dortmund"]
[Date "1993.??.??"]
[Round "6"]
[White "Mainka, Romuald"]
[Black "Himmel, Hansjoerg"]
[Result "1-0"]
[WhiteElo "2515"]
[BlackElo "2360"]

1.e4 c5 2.Nf3 e6 3.d4 cxd4 4.Nxd4 a6 5.Nc3 Qc7 6.Bd3 Nc6 7.Be3 Nf6 8.O-O Ne5
9.h3 Bc5 10.Na4 Be7 11.f4 Nxd3 12.cxd3 O-O 13.Rc1 Qd8 14.Qd2 d6 15.Nb3 Nd7
16.Na5 e5 17.f5 d5 18.exd5 Nf6 19.Nb6 Rb8 20.Rxc8 Rxc8 21.Nxb7 Qc7 22.d6 Bxd6
23.Nxd6 Qxd6 24.Nxc8 Rxc8 25.Rc1 Rd8 26.Bc5 Qd7 27.Qe3 Qxf5 28.Re1 Re8 29.Qf3 Qe6
30.Bd4 Nd7 31.a3 f6 32.Bf2 Nf8 33.Rc1 Rd8 34.Qe4 Qd6 35.Qc4+ Ne6 36.b4 Kf7
37.Rc3 Rd7 38.a4 Rc7 39.Bc5 Qc6 40.Qb3 Qd7 41.Kh1 Kg6 42.d4 exd4 43.Rg3+ Kf7
44.Rg4 a5 45.Rxd4 Qc6 46.Rd8 g6 47.Bd6 Rd7 48.Rxd7+ Qxd7 49.Bg3 axb4 50.Qxb4 f5
51.a5 Qd3 52.Kh2 g5 53.Qb7+ Kf6 54.Qxh7 Qe3 55.Qh8+ Kf7 56.Be5 Ke7 57.Qf6+ Kd7
58.Qf7+  1-0

[Event "Eger op"]
[Site "Eger"]
[Date "1993.??.??"]
[Round "2"]
[White "Paal, Attila"]
[Black "Foldi, Istvan"]
[Result "0-1"]
[WhiteElo "2205"]
[BlackElo "2310"]

1.e4 c5 2.Nf3 e6 3.d4 cxd4 4.Nxd4 a6 5.Nc3 Qc7 6.g3 Nf6 7.Bg2 Be7 8.O-O O-O
9.Re1 d6 10.Be3 Nbd7 11.Qe2 Rb8 12.a4 b6 13.Rad1 Bb7 14.Bc1 Rfd8 15.Kh1 Rbc8
16.f4 Nc5 17.g4 d5 18.exd5 Nxd5 19.Nxd5 Bxd5 20.Bxd5 Rxd5 21.b3 Bf6 22.Nf3 Qc6
23.Rxd5 Qxd5 24.Rd1 Qe4 25.Qg2 g6 26.Ne1 Bc3 27.Qxe4 Nxe4 28.Nd3 b5 29.axb5 axb5
30.Kg2 Ba5 31.Kf3 f5 32.b4 Bb6 33.Ne1 Rc4 34.Be3 fxg4+  0-1

[Event "Elenite"]
[Site "Elenite"]
[Date "1993.??.??"]
[Round "11"]
[White "Dimitrov, Vladimir"]
[Black "Vyzmanavin, Alexey"]
[Result "0-1"]
[WhiteElo "2525"]
[BlackElo "2605"]

1.e4 c5 2.Nf3 e6 3.d4 cxd4 4.Nxd4 a6 5.Nc3 Qc7 6.Be2 b5 7.O-O Bb7 8.Re1 Nc6
9.Nxc6 dxc6 10.e5 Ne7 11.Bd3 Rd8 12.Qe2 c5 13.Bg5 h6 14.Qh5 Rd4 15.Be3 Rd7
16.Bf4 c4 17.Be4 b4 18.Nd1 Nd5 19.Bg3 Bc5 20.c3 O-O 21.cxb4 Bxb4 22.Re2 Rfd8
23.h3 c3 24.bxc3 Nxc3 25.Nxc3 Qxc3 26.Rf1 Rd1 27.Rxd1 Rxd1+ 28.Kh2 Qc1 29.Bh4 Bxe4
30.Rxe4 Bd2  0-1

[Event "ESP-ch"]
[Site "?"]
[Date "1993.??.??"]
[Round "3"]
[White "Sion Castro, Marcelino"]
[Black "Cacho Reigadas, Sergio"]
[Result "0-1"]
[WhiteElo "2385"]
[BlackElo "2360"]

1.e4 c5 2.Nf3 e6 3.d4 cxd4 4.Nxd4 a6 5.Nc3 Qc7 6.g3 Bb4 7.Bd2 Nf6 8.Bg2 Nc6
9.Nce2 Bc5 10.Nb3 Ba7 11.O-O d6 12.c4 O-O 13.Rc1 h6 14.Nf4 Qe7 15.Bc3 Bd7
16.Qe2 Rfd8 17.Rfd1 Be8 18.a4 Rac8 19.Na1 Ne5 20.b3 b5 21.axb5 axb5 22.Ba5 Rd7
23.cxb5 Rb8 24.Nc2 Rdb7 25.Nd4 Bxd4 26.Rxd4 Rxb5 27.Bc3 Rxb3 28.Qd1 R3b6
29.h3 Rc8 30.Kh2 Rbc6 31.Bb2 Nc4 32.Bc3 e5 33.Nd5 Nxd5 34.Rxd5 Nb6 35.Rd3 Nd7
36.Bb2 Nc5 37.Rd5 f6 38.Ba3 Bf7 39.Bxc5 Rxc5 40.Rcxc5 dxc5 41.Rd7 Qe8 42.Qd6 Qe6
43.Rd8+ Rxd8 44.Qxd8+ Kh7 45.Qc7 Qc4 46.f4 exf4 47.gxf4 Bg6  0-1

[Event "ESP-ch"]
[Site "?"]
[Date "1993.??.??"]
[Round "8"]
[White "Sion Castro, Marcelino"]
[Black "Gomez Esteban, Juan Mario"]
[Result "0-1"]
[WhiteElo "2385"]
[BlackElo "2450"]

1.e4 c5 2.Nf3 e6 3.d4 cxd4 4.Nxd4 a6 5.Nc3 Qc7 6.Bd3 g6 7.Be3 Bg7 8.f4 d6
9.a4 Nc6 10.Nb3 b6 11.O-O Nf6 12.Qe1 Bb7 13.Qh4 Nb4 14.Nd2 d5 15.Bd4 Qd8
16.exd5 O-O 17.Nf3 Nxd3 18.cxd3 Nxd5 19.Qg3 Bxd4+ 20.Nxd4 Rc8 21.Nce2 Qd6
22.Qh3 Nb4 23.f5 exf5 24.Nxf5 gxf5 25.Rxf5 Rc5 26.Raf1 Bc8 27.Ng3 Qd4+ 28.Kh1 Nxd3
29.Nh5 Nf2+ 30.R5xf2 Bxh3 31.Nf6+ Kh8 32.gxh3 Rc1  0-1

[Event "ESP-ch"]
[Site "?"]
[Date "1993.??.??"]
[Round "9"]
[White "Martin Gonzalez, Angel"]
[Black "Cacho Reigadas, Sergio"]
[Result "1-0"]
[WhiteElo "2405"]
[BlackElo "2360"]

1.e4 c5 2.Nf3 e6 3.d4 cxd4 4.Nxd4 a6 5.Nc3 Qc7 6.Bd3 Nf6 7.O-O Nc6 8.Be3 Be7
9.Kh1 h5 10.f4 Ng4 11.Bg1 b5 12.Nxc6 dxc6 13.e5 Bb7 14.a4 b4 15.Ne4 c5 16.Qe2 Qc6
17.Nd2 Nh6 18.Nc4 Qc7 19.a5 Qc6 20.Nb6 h4 21.h3 Rd8 22.Rfd1 Nf5 23.Kh2 Ng3
24.Qf2 Rd4 25.Rd2 Nh5 26.Qe1 Nxf4 27.Bxd4 cxd4 28.Be4 Qxe4 29.Qxe4 Bxe4 30.Rxd4 Bxc2
31.Rxf4 O-O 32.Rc4 Bd3 33.Rd4 Bb5 34.Rc1 Bg5 35.Rc8 Rxc8 36.Nxc8 b3 37.Rb4 Bd2
38.Rxb5 axb5 39.a6 Bf4+ 40.Kh1 Be3 41.a7 Bxa7 42.Nxa7 f6 43.Nxb5 fxe5 44.Nd6  1-0

[Event "Espoo op"]
[Site "Espoo"]
[Date "1993.??.??"]
[Round "7"]
[White "Zapolskis, Antanas"]
[Black "Kiik, Kalle"]
[Result "0-1"]
[WhiteElo "2335"]
[BlackElo "2365"]

1.e4 c5 2.Nf3 e6 3.d4 cxd4 4.Nxd4 a6 5.Nc3 Qc7 6.g3 Bb4 7.Ne2 Nf6 8.Bg2 d6
9.O-O Bc5 10.Nd4 Nbd7 11.a4 O-O 12.b3 h6 13.Bb2 Ne5 14.h3 Bd7 15.Kh2 Rac8
16.f4 Nc6 17.Nf3 Nb4 18.e5 Nfd5 19.Nxd5 Nxd5 20.exd6 Bxd6 21.c4 Ne3 22.Qd4 Nxf1+
23.Rxf1 e5 24.Nxe5 Bxe5 25.fxe5 Bc6 26.e6 fxe6 27.Rxf8+ Rxf8 28.Bxc6 bxc6
29.Kg2 Qf7  0-1

[Event "Florida Valle op"]
[Site "Florida Valle"]
[Date "1993.??.??"]
[Round "7"]
[White "Garbarino, Rodolfo"]
[Black "De las Heras, Juan Carlos"]
[Result "1-0"]
[WhiteElo "2405"]
[BlackElo "2325"]

1.e4 c5 2.Nf3 e6 3.d4 cxd4 4.Nxd4 a6 5.Nc3 Qc7 6.f4 d6 7.Qf3 Nf6 8.Be3 Bd7
9.O-O-O Nc6 10.g4 Nxd4 11.Rxd4 Bc6 12.g5 Nd7 13.Kb1 b5 14.Bg2 b4 15.Rxb4 Be7
16.Qh3 h5 17.Rc4 Qb7 18.g6 Rb8 19.b3 Nf6 20.Rg1 fxg6 21.e5 Bxg2 22.Rxg2 dxe5
23.fxe5 Nd5 24.Rd2 Nxe3 25.Qxe3  1-0

[Event "Forli op"]
[Site "Forli"]
[Date "1993.??.??"]
[Round "8"]
[White "Pieri, Filippo"]
[Black "Nemet, Ivan"]
[Result "1-0"]
[WhiteElo "2215"]
[BlackElo "2410"]

1.e4 c5 2.Nf3 e6 3.d4 cxd4 4.Nxd4 a6 5.Nc3 Qc7 6.Be2 Nf6 7.O-O Be7 8.f4 d6
9.Bf3 O-O 10.Be3 Nc6 11.Kh1 Nxd4 12.Bxd4 e5 13.Be3 exf4 14.Bd4 Be6 15.Qd2 Nd7
16.Qxf4 Ne5 17.Rae1 Nc6 18.Bg1 Bf6 19.Nd5 Bxd5 20.exd5 Be5 21.Qc4 Rfc8 22.dxc6 bxc6
23.b3 a5 24.a4 Rab8 25.Qd3 Rb4 26.Re4 Rb7 27.Bd4 f5 28.Ree1 g6 29.Bxe5 dxe5
30.Qc3 e4 31.Be2 Qg7 32.Bc4+ Kh8 33.Qxg7+ Kxg7 34.Ba6  1-0

[Event "FRA"]
[Site "FRA"]
[Date "1993.??.??"]
[Round "?"]
[White "Rotstein, Arkadij"]
[Black "Morales, H."]
[Result "1-0"]
[WhiteElo "2465"]
[BlackElo "2275"]

1.e4 c5 2.Nf3 e6 3.d4 cxd4 4.Nxd4 a6 5.Nc3 Qc7 6.Bd3 b5 7.O-O Bb7 8.Kh1 Nc6
9.Nxc6 Qxc6 10.Qe1 Nf6 11.f3 d6 12.a4 bxa4 13.Qg3 g6 14.Rxa4 Rb8 15.Be3 Bc8
16.Rfa1 Bg7 17.Rxa6 Bxa6 18.Rxa6 Qd7 19.Bb5 Rxb5 20.Nxb5 O-O 21.Nxd6 Nh5
22.Qg5 Bxb2 23.Qc5 Qd8 24.Bg5 Bf6 25.Bh6 Ng7 26.e5 Bg5 27.Bxg7 Kxg7 28.g3 Qb8
29.Qb6 Qxb6 30.Rxb6 Be3 31.Rb7 Bd4 32.f4 g5 33.Kg2 gxf4 34.gxf4 Kg6 35.Kf3 f6
36.f5+ exf5 37.e6 Bc5 38.e7 Bxd6 39.exf8=Q Bxf8 40.c4  1-0

[Event "Arnold Cup"]
[Site "Gausdal"]
[Date "1993.??.??"]
[Round "6"]
[White "Fyllingen, Roy Harald"]
[Black "Emms, John M"]
[Result "1-0"]
[WhiteElo "2295"]
[BlackElo "2450"]

1.e4 c5 2.Nf3 e6 3.d4 cxd4 4.Nxd4 a6 5.Nc3 Qc7 6.Bd3 Nf6 7.O-O Bc5 8.Nb3 Be7
9.Kh1 d6 10.f4 Nbd7 11.a4 b6 12.Qe2 O-O 13.Bd2 Bb7 14.Rae1 e5 15.Rf3 Rfe8
16.Rh3 Bf8 17.fxe5 Rxe5 18.Bf4 Ree8 19.Qf2 g6 20.Rf1 Bg7 21.Bg5 Re5 22.Bf4 Rh5
23.Rg3 b5 24.axb5 axb5 25.Rg5 Rxg5 26.Bxg5 b4 27.Nb5 Qc6 28.Na7 Qb6 29.Qxb6 Nxb6
30.Bxf6 Rxa7 31.Bd4 Bxd4 32.Nxd4 Ra5 33.h3 Re5 34.Rf6 Nc8 35.Nf3 Re7 36.Nd2 Kg7
37.Rf1 Nb6 38.Ra1 d5 39.exd5 Nxd5 40.Be4  1-0

[Event "Arnold Cup"]
[Site "Gausdal"]
[Date "1993.??.??"]
[Round "8"]
[White "Gullaksen, Eirik T"]
[Black "Emms, John M"]
[Result "1/2-1/2"]
[WhiteElo "2400"]
[BlackElo "2450"]

1.e4 c5 2.Nf3 e6 3.d4 cxd4 4.Nxd4 a6 5.Nc3 Qc7 6.g3 Bb4 7.Ne2 Be7 8.Bg2 Nf6
9.O-O O-O 10.Nd4 Nc6 11.Nxc6 bxc6 12.Bf4 e5 13.Be3 a5 14.f4 d6 15.h3 Rd8
16.Qf3 Rb8 17.Rab1 exf4 18.gxf4 d5 19.e5 Ne8 20.Qf2 Bf5 21.b3 Qd7 22.Rbd1 g6
23.Kh2 Ng7 24.Ne4 Ne6 25.Nc5 Bxc5 26.Bxc5 Nxc5 27.Qxc5 Rb5 28.Qf2 d4 29.Rd2 a4
30.Rfd1 c5 31.Qf3 Rbb8 32.Bf1 Kg7 33.Bc4 Be6 34.Bxe6 Qxe6 35.Qg4 Qd5 36.h4 axb3
37.axb3 Ra8 38.Qg5 Ra6 39.Re1 h6 40.Qg3 Qe6 41.Qh3 Qxh3+ 42.Kxh3 c4 43.bxc4 Rc6
44.Ree2 Rxc4 45.Kg3 h5 46.Rd3 Rdc8 47.Red2 Rxc2 48.Rxc2 Rxc2 49.Rxd4 Rc3+
50.Kg2 Kf8 51.Rd7 Ke8  1/2-1/2

[Event "GER CupT"]
[Site "Germany"]
[Date "1993.??.??"]
[Round "?"]
[White "Carstens, Andreas"]
[Black "Gabriel, Robert"]
[Result "0-1"]
[WhiteElo "2360"]
[BlackElo "2255"]

1.e4 c5 2.Nf3 e6 3.d4 cxd4 4.Nxd4 a6 5.Nc3 Qc7 6.Bd3 Nc6 7.Nxc6 dxc6 8.O-O e5
9.f4 Bd6 10.f5 b5 11.Be3 Nf6 12.a4 Bb7 13.axb5 cxb5 14.Bxb5+ Ke7 15.Bd3 Bb4
16.Nd5+ Bxd5 17.exd5 Nxd5 18.Qg4 Bc5 19.Bxc5+ Qxc5+ 20.Kh1 Nf6 21.Qe2 Rhb8
22.b3 a5 23.Rfe1 Nd7 24.Bc4 Qb6 25.Rad1 Rd8 26.Bb5 f6 27.Bxd7 Rxd7 28.Qg4 Rg8
29.Rxd7+ Kxd7 30.Qc4 Rf8 31.Ra1 Ke7 32.b4 axb4 33.Ra6 Rd8 34.g3 Rd1+ 35.Kg2 Qg1+
36.Kh3 Qf1+ 37.Qxf1 Rxf1 38.Ra7+ Kd6 39.Rxg7 e4 40.Rg8 Rxf5 41.Rd8+ Kc5 42.g4 Rd5
43.Rc8+ Kd4 44.Kg3 Rc5 45.Rd8+ Ke3 46.Rb8 Rc4 47.Rb6 Kd2 48.Rxf6 Rc3+ 49.Kg2 Rxc2
50.g5 b3  0-1

[Event "BL2-W9293"]
[Site "Germany"]
[Date "1993.??.??"]
[Round "?"]
[White "Dueball, Juergen"]
[Black "Teske, Henrik"]
[Result "1-0"]
[WhiteElo "2400"]
[BlackElo "2480"]

1.e4 c5 2.Nf3 e6 3.d4 cxd4 4.Nxd4 a6 5.Nc3 b5 6.Bd3 Bb7 7.O-O d6 8.a3 Nd7
9.f4 Ngf6 10.Qe2 Rc8 11.Kh1 h5 12.Nxe6 fxe6 13.e5 Ng4 14.Bg6+ Ke7 15.Qe1 Nc5
16.b4 Na4 17.Nxa4 bxa4 18.f5 dxe5 19.Bg5+ Nf6 20.Rd1 Qc7 21.fxe6 Kxe6 22.Bf5+ Kf7
23.Bxf6 gxf6 24.Rd7+ Qxd7 25.Bxd7 Rxc2 26.Qxe5 Bxg2+ 27.Kg1 Bxf1 28.Be8+ Kg8
29.Qd5+  1-0

[Event "NRW-Liga II 9293"]
[Site "Germany"]
[Date "1993.??.??"]
[Round "?"]
[White "Hirsch, Stefan"]
[Black "Vetter, Herbert"]
[Result "0-1"]
[WhiteElo "2230"]
[BlackElo "2220"]

1.e4 c5 2.Nf3 e6 3.d4 cxd4 4.Nxd4 a6 5.Nc3 Qc7 6.g3 Bb4 7.Bd2 Nf6 8.Bg2 Nc6
9.Nxc6 dxc6 10.O-O O-O 11.Qe2 e5 12.Be3 Be6 13.Rfd1 Ng4 14.Bd2 Bc5 15.Be1 b5
16.Rd3 Nf6 17.b3 Bd4 18.Rc1 Rfd8 19.Nd1 Qe7 20.c3 Bb6 21.Ne3 Rxd3 22.Qxd3 Rd8
23.Qe2 Qa3 24.Rb1 Bxe3 25.fxe3 Bg4 26.Qc2 Qd6 27.Rb2 h6 28.Qd2 Qe7 29.Qf2 Rd1
30.Rd2 Ra1 31.h3 Bh5 32.Kh2 Bg6 33.Qe2 Bxe4 34.Rd1 Rxd1 35.Qxd1 Bxg2 36.Kxg2 Nd5
37.Qd2 Qg5 38.Bf2 Qf5 39.Kh2 Qe4 40.Kg1 f5 41.Kh2 Kh8 42.Kg1 f4 43.exf4 exf4
44.Bd4 Qg6 45.g4 Qe4 46.c4 bxc4 47.bxc4 Ne3 48.Qb2 Nxc4 49.Bxg7+ Kh7 50.Qb7 Qe1+
51.Kg2 Qg3+ 52.Kf1 Qxh3+ 53.Ke1 Qe3+  0-1

[Event "Bundesliga 9293"]
[Site "Germany"]
[Date "1993.??.??"]
[Round "?"]
[White "Kassebaum, Roman"]
[Black "Bischoff, Klaus"]
[Result "0-1"]
[WhiteElo "2360"]
[BlackElo "2510"]

1.e4 c5 2.Nf3 e6 3.Nc3 a6 4.d4 cxd4 5.Nxd4 Qc7 6.g3 Bb4 7.Ne2 Be7 8.Bg2 Nf6
9.O-O O-O 10.b3 Nc6 11.a4 Rd8 12.Bb2 Rb8 13.Nf4 d6 14.Re1 b5 15.axb5 axb5
16.Qe2 b4 17.Nd1 Ne8 18.Ne3 Bf6 19.Bxf6 Nxf6 20.Qc4 Qb6 21.Red1 Bb7 22.Nxe6 fxe6
23.Qxe6+ Kh8 24.Nc4 Qc7 25.Nxd6 Bc8 26.Nxc8 Re8 27.Qc4 Rbxc8 28.h3 Qe7 29.f4 Na7
30.Qe2 Qc5+ 31.Kh2 Nc6 32.e5 Ng8 33.Be4 Nd4 34.Qh5 Nf6  0-1

[Event "BL2-N9293"]
[Site "Germany"]
[Date "1993.??.??"]
[Round "?"]
[White "Maxion, Dirk"]
[Black "Heinig, Wolfram"]
[Result "1/2-1/2"]
[WhiteElo "2265"]
[BlackElo "2315"]

1.e4 c5 2.Nf3 e6 3.d4 cxd4 4.Nxd4 a6 5.Nc3 Qc7 6.g3 Nf6 7.Bg2 Nc6 8.O-O Nxd4
9.Qxd4 Bc5 10.Bf4 d6 11.Qd2 h6 12.Rad1 e5 13.Be3 Bg4 14.Bxc5 dxc5 15.f3 Be6
16.Nd5 Bxd5 17.exd5 Qd6 18.c4 O-O 19.Rfe1 Rfe8 20.Re2 Re7 21.Rde1 Rae8 22.Qc2 b5
23.b3 g6 24.Qd2 Kg7 25.Qa5 h5 26.Qd2 h4 27.Re3 Nh5 28.Kf2 Qf6 29.Re4  1/2-1/2

[Event "BL2-N9293"]
[Site "Germany"]
[Date "1993.??.??"]
[Round "?"]
[White "Brustkern, Juergen"]
[Black "Pritchett, Craig William"]
[Result "1/2-1/2"]
[WhiteElo "2235"]
[BlackElo "2360"]

1.e4 c5 2.Nf3 e6 3.d4 cxd4 4.Nxd4 a6 5.Nc3 Qc7 6.Bd3 Nf6 7.O-O Nc6 8.Be3 Ne5
9.h3 Bc5 10.Kh1 d6 11.f4 Ng6 12.Qf3 O-O 13.a4 Bd7 14.Qg3 Qb6 15.a5 Qa7 16.Nce2 e5
17.fxe5 dxe5 18.Nf5 Bxe3 19.Nxe3 Nh5 20.Qg5 f6 21.Qxh5 Qxe3 22.Ra3 Qc5 23.Ng3 Rac8
24.Nf5 Nf4 25.Qg4 Bxf5 26.exf5 Rfd8 27.Be4 Qb4 28.Rd1 Rxd1+ 29.Qxd1 Qe7 30.Bd5+ Nxd5
31.Qxd5+ Qf7 32.Qxf7+ Kxf7  1/2-1/2

[Event "BL2-W9293"]
[Site "Germany"]
[Date "1993.??.??"]
[Round "?"]
[White "Gallinnis, Norbert"]
[Black "Krallmann, Matthias"]
[Result "1-0"]
[WhiteElo "2265"]
[BlackElo "2285"]

1.e4 c5 2.Nf3 e6 3.d4 cxd4 4.Nxd4 a6 5.Nc3 Qc7 6.g3 Bb4 7.Bd2 Nf6 8.Bg2 Nc6
9.Nxc6 bxc6 10.O-O Be7 11.Na4 d5 12.e5 Nd7 13.f4 O-O 14.c4 a5 15.b3 Ba6 16.Qc2 Rfc8
17.Be3 Rab8 18.Nb2 Rb7 19.Rfd1 Bc5 20.Bxc5 Nxc5 21.Qf2 Nd7 22.Rac1 Qb8 23.Rc3 Nb6
24.g4 dxc4 25.Nxc4 Nxc4 26.bxc4 Rb1 27.Qe1 Rxd1 28.Qxd1 Rd8 29.Rd3 Qb6+ 30.Kh1 Rxd3
31.Qxd3 g6 32.c5 Qb7 33.Qd8+ Kg7 34.Qb6 Qxb6 35.cxb6 Bb7 36.Kg1 Kf8 37.Kf2 Ke7
38.Ke3 Kd7 39.Kd3 Ba6+ 40.Kd4 Bb7 41.Kc5 h6 42.h4 a4 43.a3 Ba8 44.Bf3 Bb7
45.Bd1  1-0

[Event "Goch op"]
[Site "Goch"]
[Date "1993.??.??"]
[Round "2"]
[White "Eshuis, H."]
[Black "Link, Michael"]
[Result "1/2-1/2"]
[WhiteElo "1915"]
[BlackElo "2300"]

1.e4 c5 2.Nf3 e6 3.d4 cxd4 4.Nxd4 a6 5.Nc3 Qc7 6.Bd3 Nc6 7.Nb3 b5 8.O-O Bb7
9.Kh1 Nf6 10.Be3 Ne5 11.f3 Nc4 12.Bxc4 bxc4 13.Nd2 d6 14.Qe2 Rc8 15.Rad1 Be7
16.Bd4 O-O 17.e5 Nd7 18.exd6 Bxd6 19.Nde4 Be7 20.Qe1 Rfe8 21.Bf2  1/2-1/2

[Event "Goch op"]
[Site "Goch"]
[Date "1993.??.??"]
[Round "6"]
[White "Rosenberger, Frank"]
[Black "Link, Michael"]
[Result "1-0"]
[WhiteElo "2140"]
[BlackElo "2300"]

1.e4 c5 2.Nf3 e6 3.d4 cxd4 4.Nxd4 a6 5.Nc3 Qc7 6.Be2 Nf6 7.O-O Be7 8.a4 Nc6
9.Kh1 d6 10.f4 O-O 11.Be3 Bd7 12.Nb3 b6 13.Bf3 Rab8 14.Qe2 Na5 15.Nd2 Bc8
16.Qf2 Nd7 17.Bd4 Nc6 18.Nb3 Nxd4 19.Nxd4 Bb7 20.Rad1 Rbc8 21.Nb3 Nc5 22.Rfe1 Bc6
23.Nxc5 bxc5 24.e5 d5 25.f5 d4 26.f6 dxc3 27.Bxc6 Bxf6 28.exf6 Qxc6 29.Qg3 g6
30.Rd6 Qxa4 31.Qg5 Kh8 32.Qh6 Rg8 33.bxc3 Qxc2 34.Rd7 g5 35.Rxf7 Qg6 36.Qxg6 hxg6
37.Rxe6 Rgf8 38.Ra7 Ra8 39.Raxa6 Rxa6 40.Rxa6 Kg8 41.Kg1 Rd8 42.Ra7 Kf8 43.Rg7 c4
44.Rxg6 Rd1+ 45.Kf2 Rd5 46.Ke3 Kf7 47.Ke4 Rd3 48.Rxg5 Rxc3 49.Kf5 Rc2 50.Rg7+ Kf8
51.g4 Rxh2 52.Rc7 Rc2 53.Kg6  1-0

[Event "Graz zt"]
[Site "Graz"]
[Date "1993.??.??"]
[Round "3"]
[White "Lau, Ralf"]
[Black "Lutz, Christopher"]
[Result "1-0"]
[WhiteElo "2530"]
[BlackElo "2550"]

1.e4 c5 2.Nf3 e6 3.d4 cxd4 4.Nxd4 a6 5.Nc3 Qc7 6.Bd3 Nf6 7.O-O Be7 8.Kh1 b5
9.f4 d6 10.e5 Nd5 11.Nxd5 exd5 12.e6 Bf6 13.exf7+ Qxf7 14.Re1+ Kf8 15.Nf5 Qc7
16.Qh5 g6 17.Qh6+ Kf7 18.Re7+ Bxe7 19.Qg7+ Ke6 20.Bd2 Re8 21.Re1+ Kd7 22.Nxe7 Kd8
23.f5 Qxe7 24.Rxe7 Rxe7 25.Bg5 Ra7 26.Qf8+  1-0

[Event "GRE-ch"]
[Site "GRE"]
[Date "1993.??.??"]
[Round "1"]
[White "Kofidis, Andreas"]
[Black "Vragoteris, Antonios"]
[Result "1-0"]
[WhiteElo "2400"]
[BlackElo "2290"]

1.e4 c5 2.Nf3 e6 3.d4 cxd4 4.Nxd4 a6 5.Nc3 Qc7 6.Bd3 b5 7.O-O Bb7 8.Qe2 Nc6
9.Nxc6 Qxc6 10.Bd2 Nf6 11.Rae1 Rc8 12.a3 Bc5 13.Kh1 h5 14.Qf3 Bd4 15.Qg3 h4
16.Qh3 Qc5 17.f4 Rh5 18.Re2 Ba8 19.e5 Bxc3 20.Bxc3 Nd5 21.Be1 Qd4 22.Qg4 g6
23.Bxg6 Rh8 24.Be4 h3 25.Qg7 Rf8 26.f5 Ne3 27.Bxa8 Qd1 28.Rxe3 Rxa8 29.Qxf8+  1-0

[Event "Hamburg-ch"]
[Site "Hamburg"]
[Date "1993.??.??"]
[Round "?"]
[White "Varas, Carlos"]
[Black "Dankert, Peter"]
[Result "1/2-1/2"]
[WhiteElo "2210"]
[BlackElo "2275"]

1.e4 c5 2.Nc3 e6 3.Nge2 a6 4.d4 cxd4 5.Nxd4 Qc7 6.Be2 Nf6 7.O-O d6 8.f4 Be7
9.a4 O-O 10.Be3 Nc6 11.Qe1 Bd7 12.Qg3 g6 13.Kh1 Rac8 14.e5 Ne8 15.Nf3 Ng7
16.exd6 Bxd6 17.Ng5 f6 18.Nge4 Be7 19.Qf2 Nb4 20.Bb6 Qb8 21.Ba7 Qc7 22.Bb6  1/2-1/2

[Event "Wichern op"]
[Site "Hamburg"]
[Date "1993.??.??"]
[Round "4"]
[White "Jansa, Vlastimil"]
[Black "Dankert, Peter"]
[Result "1-0"]
[WhiteElo "2500"]
[BlackElo "2290"]

1.e4 c5 2.Nf3 e6 3.Nc3 a6 4.d4 cxd4 5.Nxd4 Qc7 6.Bd3 d6 7.O-O Nf6 8.f4 Nbd7
9.Kh1 Be7 10.Qe2 O-O 11.Bd2 g6 12.Rae1 b5 13.e5 Nh5 14.Be4 dxe5 15.Nxe6 fxe6
16.Bxa8 b4 17.Nd1 Bh4 18.Bxb4 Rxf4 19.Bd2 Rxf1+ 20.Rxf1 Qxc2 21.Nc3 Ndf6
22.Rc1 Qf5  1-0

[Event "Wichern op"]
[Site "Hamburg"]
[Date "1993.??.??"]
[Round "5"]
[White "Hansen, Lars"]
[Black "Chuchelov, Vladimir"]
[Result "0-1"]
[WhiteElo "2275"]
[BlackElo "2510"]

1.e4 c5 2.Nc3 e6 3.Nge2 a6 4.d4 cxd4 5.Nxd4 Qc7 6.Bd3 Nf6 7.O-O Bc5 8.Nb3 Be7
9.f4 d6 10.Qe1 Nc6 11.Qg3 O-O 12.Bd2 b5 13.a3 Rb8 14.e5 Ne8 15.Rae1 g6 16.exd6 Qxd6
17.Ne4 Qd8 18.Ng5 Nf6 19.Bc3 b4 20.axb4 Nxb4 21.Rd1 Nxd3 22.Rxd3 Qb6+ 23.Bd4 Qc6
24.Qh4 h5 25.Rg3 Ne4 26.Qxh5 gxh5 27.Nxe4+ Kh7 28.Ng5+ Bxg5 29.Rxg5 f6 30.Rxh5+ Kg6
31.Rh3 Qxc2 32.Rc3 Qxb3 33.Rxb3 Rxb3  0-1